000 00733nam a2200217 a 4500
001 BRCA_194
005 20190320202921.0
008 800904s1978 miua---##b---#001-0#spa-#
020 _a0895580721
041 _aspa
044 _amiua
050 4 _aND467
_b.C56 1978
245 1 0 _aCinco siglos de obras maestras de la pintura en colecciones norteamericanas cedidas en préstamo a Costa Rica.
260 _a[Detroit]
_bDetroit Institute of Arts
_cc1978
300 _a118 p.
_bil. (algunas a color)
_c23 cm.
500 _aIncluye índice
504 _aBibliografia: p. 115-116
650 1 4 _aPintura europea
_xExposiciones
_ySiglo XV al XX
_9706
650 1 4 _aPintura estadounidense
_xExposiciones
_ySiglo XV al XX
_9707
942 _2lcc
_cB
999 _c163
_d163